000 02776cam a2200301 a 4500
003 OSt
005 20210907152507.0
008 970224s1995 ck b r 1000 0 spa d
020 _a9586016471
040 _aCO-BoPUJ
_cCO-JMCR
041 0 _aspa
082 0 4 _a338.109866 /
_bO151g
_223
100 1 _aOcampo Gaviria, José Antonio,
_eautor
_97571
245 1 3 _aEl giro de la política agropecuaria /
_cJosé Antonio Ocampo Gaviria y Santiago Perry Rubio
250 _aPrimera edición
260 _aBogotá :
_bTercer Mundo,
_c1995.
300 _axiv, 246 páginas ;
_bilustraciones y gráficas en blanco y negro ;
_c21 cm.
490 0 _aEconomía agraria
500 _aIncluye datos biográficos del autor en solapa frontal.
504 _aBibliografía: páginas .213-218.
505 0 _aEl sector agropecuario y la internacionalización de la economía. -- La situación del sector a principios de 1993. -- Las bases de la nueva política sectorial. -- El plan de reactivación y la ley agraria. -- En procura de mejores condiciones externas para la internacionalización del agro. -- Política para el campesinado: el plan de desarrollo rural. -- Por un desarrollo agropecuario sostenible. -- Modernización descentralización del sector publico agropecuario. -- Desarrollo de la política sectorial y perspectivas del agro.
520 0 _aEn lo que va corrido de este decenio se han presentado cambios sustantivos en el panorama económico nacional e internacional. El radical cambio en el modelo de desarrollo colombiano, la culminación de la Ronda Uruguay del GATT, el descomunal incremento de los subsidios internacionales al agro, la profunda crisis que afrontó el sector y el surgimiento de nuevos paradigmas tecnológicos crearon la necesidad de formular una política sectorial que facilitara a los agricultores adecuarse a las nuevas circunstancias. Los viejos instrumentos de política no debían simplemente eliminarse, era necesario remplazarlos por otros, novedosos, acordes con las transformaciones vividas. Su diseño y puesta en marcha los emprendió el Ministerio de Agricultura desde el segundo trimestre de 1993. Este libro narra las transformaciones efectuadas, analiza las razones que llevaron a hacerlas y reflexiona sobre sus limitaciones y vacíos. Sus autores fueron actores de primera línea de este rico período de mutaciones, pues les correspondió dirigir los destinos del ministerio del ramo y abocar la elaboración de la nueva política.
650 2 4 _aPolítica agropecuaria
_zColombia
_y1993-1994
_940110
650 2 4 _aReforma agraria
_zColombia
_y1993-1994
_940111
650 2 4 _aSector agropecuario
_xAspectos económicos
_zColombia
_y1993-1994
_940112
700 1 _aPerry Rubio, Santiago,
_eautor
_940113
942 _2ddc
_cBK
999 _c12385
_d12385